000 00708nam a22001937a 4500
999 _c195985
_d195985
005 20230516103841.0
010 _aUR-11998
020 _a9789350734087
_c80.00
035 _aU-10553
037 _bDBAD/PUB
082 _a841
100 _aامام اغظم
245 _aاردو شاعری میں ہند وستا نی تہز یب کثرت میں وحدت کا اظہار /
_cامام اغظم
246 _aUrdu Shairi mein hindustani Tahzeeb kasrat mein wahdat ka izhar /
_bby Imam Azam
260 _aDelhi
_bEducational Publishing House
_c2014 ء
270 _a3108, Vakil Street, Kucha Pandit, Lal Kuan
_bDelhi
_e6
300 _a64 ص
_c23cm(Hb)
942 _2ddc
_cUR
_h841
_mا م ا